Extraction of strip structures using gradient vector flow /
Saved in:
| 主要作者: | |
|---|---|
| 格式: | Thesis 图书 |
| 语言: | English |
| 出版: |
1999.
|
| 标签: |
添加标签
没有标签, 成为第一个标记此记录!
|
| LEADER | 00693cam a2200205 a 4500 | ||
|---|---|---|---|
| 001 | u450344 | ||
| 003 | SIRSI | ||
| 008 | 990805s1999 si v 00 eng m | ||
| 035 | |a ACI-7586 | ||
| 040 | |a UMM | ||
| 090 | |a TK7 |b NUS 1999 Zho | ||
| 100 | 1 | 0 | |a Zhou, Qingxin. |
| 245 | 1 | 0 | |a Extraction of strip structures using gradient vector flow / |c by Zhou Qingxin. |
| 260 | |c 1999. | ||
| 300 | |a vi, 84 leaves : |b ill. ; |c 30 cm. | ||
| 502 | |a Dissertation (M.Eng.) -- National University of Singapore, 1999. | ||
| 504 | |a Bibliography: leaves 79-84. | ||
| 948 | |a 22/01/2000 |b 31/10/2002 | ||
| 596 | |a 1 | ||
| 999 | |a TK7 NUS 1999 ZHO |w LC |c 1 |i A509450375 |l B_KOM4 |m P01UTAMA |r Y |s Y |t TESIS |u 11/11/2002 |o .PUBLIC. bkom 4 : 45719 | ||
